[Event "Aimchess US Rapid Prelim"]
[Site "chess24.com INT"]
[Date "2021.08.30"]
[Round "11.8"]
[White "Naroditsky, D."]
[Black "Hansen, Eric"]
[Result "1/2-1/2"]
[WhiteElo "2623"]
[BlackElo "2606"]
[PlyCount "92"]
[GameId "2130307584018297"]
[EventDate "2021.08.28"]
[EventType "tourn (rapid)"]
[EventRounds "15"]
[EventCountry "USA"]
[EventCategory "20"]
[SourceTitle "The Week in Chess 1399"]
[Source "Mark Crowther"]
[SourceDate "2021.08.30"]
[SourceVersion "1"]
[SourceVersionDate "2021.08.30"]
[SourceQuality "2"]

1. e4 e5 2. Nf3 Nc6 3. Nc3 Nf6 4. d4 exd4 5. Nd5 Be7 6. Bd3 O-O 7. O-O d6 8. h3 Nxd5 9. exd5 Ne5 10. Nxd4 Bf6 11. Be4 Re8 12. c3 Bd7 13. Qc2 g6 14. f4 Nc4 15. b3 Qe7 16. Re1 Bxd4+ 17. cxd4 Nb6 18. Bd2 Qf6 19. Qc3 Rxe4 20. Rxe4 Nxd5 21. Qf3 Bc6 22. Rae1 Qf5 23. g4 Qd7 24. Qf2 f5 25. Re6 Qf7 26. Qh4 Re8 27. gxf5 gxf5 28. Qg5+ Kf8 29. Qh6+ Kg8 30. Rxe8+ Bxe8 31. Kh2 Kh8 32. Qg5 Bc6 33. Rg1 Qf8 34. Be1 h6 35. Qh4 Kh7 36. Bf2 Qf7 37. Qg3 a6 38. Be1 Bb5 39. Bc3 Bc6 40. Bb2 Bb5 41. Re1 Bc6 42. a4 Bd7 43. Rg1 Bc6 44. Re1 Bd7 45. Rg1 Bc6 46. Re1 Bd7 1/2-1/2

[Event "Aimchess US Rapid Prelim"]
[Site "chess24.com INT"]
[Date "2021.08.30"]
[Round "12.1"]
[White "Duda, Jan Krzysztof"]
[Black "Hansen, Eric"]
[Result "1/2-1/2"]
[WhiteElo "2738"]
[BlackElo "2606"]
[PlyCount "93"]
[GameId "2130307584018298"]
[EventDate "2021.08.28"]
[EventType "tourn (rapid)"]
[EventRounds "15"]
[EventCountry "USA"]
[EventCategory "20"]
[SourceTitle "The Week in Chess 1399"]
[Source "Mark Crowther"]
[SourceDate "2021.08.30"]
[SourceVersion "1"]
[SourceVersionDate "2021.08.30"]
[SourceQuality "2"]

1. d4 Nf6 2. c4 e6 3. Nc3 Bb4 4. Qc2 O-O 5. a3 Bxc3+ 6. Qxc3 d6 7. Nf3 b6 8. g3 Bb7 9. Bg2 Nbd7 10. O-O c5 11. Rd1 Qe7 12. b3 Rac8 13. Bb2 d5 14. dxc5 Nxc5 15. Ne5 dxc4 16. Bxb7 Qxb7 17. Nxc4 Rfd8 18. Nd6 Rxd6 19. Rxd6 Nce4 20. Qd3 Nxd6 21. Qxd6 Qe4 22. Re1 h5 23. Bxf6 gxf6 24. Qe7 Kg7 25. Qxa7 Ra8 26. Qxb6 Rxa3 27. Qc5 Rxb3 28. Qxh5 Qb4 29. Rd1 Qe4 30. h3 Rb2 31. Re1 Qb4 32. Kf1 Qe4 33. Qf3 f5 34. Qc3+ Kg8 35. f3 Qb7 36. Qf6 Qb5 37. h4 Rc2 38. Qg5+ Kh7 39. g4 Qe5 40. Qh5+ Kg7 41. Qg5+ Kh7 42. gxf5 exf5 43. Qh5+ Kg7 44. Qg5+ Kh7 45. Qg2 Rc4 46. Qh3 Qf6 47. Kg2 1/2-1/2

[Event "Aimchess US Rapid Prelim"]
[Site "chess24.com INT"]
[Date "2021.08.30"]
[Round "13.8"]
[White "Hansen, Eric"]
[Black "Vachier Lagrave, M."]
[Result "0-1"]
[WhiteElo "2606"]
[BlackElo "2751"]
[PlyCount "134"]
[GameId "2130307584018310"]
[EventDate "2021.08.28"]
[EventType "tourn (rapid)"]
[EventRounds "15"]
[EventCountry "USA"]
[EventCategory "20"]
[SourceTitle "The Week in Chess 1399"]
[Source "Mark Crowther"]
[SourceDate "2021.08.30"]
[SourceVersion "1"]
[SourceVersionDate "2021.08.30"]
[SourceQuality "2"]

1. e4 e6 2. d4 d5 3. Nc3 Nf6 4. Bg5 dxe4 5. Nxe4 Be7 6. Bxf6 gxf6 7. Nf3 f5 8. Nc3 a6 9. g3 b5 10. Bg2 Bb7 11. O-O O-O 12. Ne5 Bxg2 13. Kxg2 c5 14. Qf3 cxd4 15. Qxa8 dxc3 16. Qb7 Bf6 17. Nd3 cxb2 18. Rab1 Qc8 19. Qxc8 Rxc8 20. Nxb2 Nd7 21. Nd3 Nb6 22. Nb4 a5 23. Nd3 b4 24. a3 bxa3 25. Rxb6 a2 26. Ra6 a1=Q 27. Rxa1 Bxa1 28. Rxa5 Bd4 29. Ra4 Bc3 30. h3 Kg7 31. g4 fxg4 32. hxg4 Kf6 33. Kf3 Rc7 34. Re4 Kg5 35. Kg3 Kf6 36. Re2 Ba5 37. f4 Rc3 38. Kf3 Bc7 39. Rh2 Kg6 40. g5 e5 41. Rh6+ Kg7 42. f5 Rxc2 43. f6+ Kg8 44. Rh1 Rc4 45. Re1 h6 46. Nxe5 Rc3+ 47. Kg4 hxg5 48. Nd7 Rd3 49. Re8+ Kh7 50. Nf8+ Kh6 51. Re7 Rd4+ 52. Kf3 g4+ 53. Ke2 Bd6 54. Rxf7 Re4+ 55. Kd3 Re8 56. Rh7+ Kg5 57. Nd7 Kf4 58. Kd4 g3 59. Kd5 Ba3 60. Rg7 Ra8 61. Nb6 Ra5+ 62. Kc4 Rf5 63. Nd5+ Kf3 64. Rg6 Bd6 65. Ne7 Rc5+ 66. Kd4 g2 67. Nd5 Rc1 0-1

[Event "Aimchess US Rapid Prelim"]
[Site "chess24.com INT"]
[Date "2021.08.30"]
[Round "14.2"]
[White "Dominguez Perez, Leinier"]
[Black "Hansen, Eric"]
[Result "1-0"]
[WhiteElo "2758"]
[BlackElo "2606"]
[PlyCount "91"]
[GameId "2130307584018312"]
[EventDate "2021.08.28"]
[EventType "tourn (rapid)"]
[EventRounds "15"]
[EventCountry "USA"]
[EventCategory "20"]
[SourceTitle "The Week in Chess 1399"]
[Source "Mark Crowther"]
[SourceDate "2021.08.30"]
[SourceVersion "1"]
[SourceVersionDate "2021.08.30"]
[SourceQuality "2"]

1. e4 e5 2. Nf3 Nc6 3. Bc4 Bc5 4. c3 Nf6 5. d3 d6 6. O-O O-O 7. Re1 a6 8. a4 Ne7 9. d4 Ba7 10. h3 Ng6 11. Bd3 Re8 12. Nbd2 Nh5 13. Nf1 Nhf4 14. Bc2 Qf6 15. Ng3 Be6 16. Nh5 Qe7 17. Bxf4 Nxf4 18. Nxf4 exf4 19. Qd2 Qf6 20. e5 dxe5 21. Rxe5 h6 22. Rae1 Rad8 23. R1e4 g5 24. Bb3 Bd7 25. h4 Rxe5 26. Nxe5 Be6 27. hxg5 hxg5 28. Bxe6 Qxe6 29. Qe2 Qf5 30. Nd3 Kg7 31. Re5 Qg6 32. Qg4 f6 33. Re7+ Kf8 34. Rxc7 Bb8 35. Rc8 Ke7 36. Qe2+ Kd7 37. Rxd8+ Kxd8 38. f3 Bd6 39. Kf1 Qh7 40. Ke1 Qd7 41. b3 Qc6 42. Kd2 Qd5 43. Kc2 f5 44. Ne5 b5 45. c4 bxc4 46. Qxc4 1-0

[Event "Aimchess US Rapid Prelim"]
[Site "chess24.com INT"]
[Date "2021.08.30"]
[Round "15.7"]
[White "Hansen, Eric"]
[Black "Mamedyarov, S."]
[Result "1/2-1/2"]
[WhiteElo "2606"]
[BlackElo "2782"]
[PlyCount "63"]
[GameId "2130307584018323"]
[EventDate "2021.08.28"]
[EventType "tourn (rapid)"]
[EventRounds "15"]
[EventCountry "USA"]
[EventCategory "20"]
[SourceTitle "The Week in Chess 1399"]
[Source "Mark Crowther"]
[SourceDate "2021.08.30"]
[SourceVersion "1"]
[SourceVersionDate "2021.08.30"]
[SourceQuality "2"]

1. e4 e5 2. Nf3 Nc6 3. Bb5 Nf6 4. d3 Bc5 5. c3 d5 6. exd5 Qxd5 7. Bc4 Qd8 8. Nbd2 O-O 9. Qe2 h6 10. O-O Re8 11. Ne4 Bb6 12. a4 a5 13. Be3 Bxe3 14. Nxf6+ Qxf6 15. fxe3 Qe7 16. Nd2 Be6 17. d4 Rad8 18. Bb5 exd4 19. exd4 Bd5 20. Qf2 Qg5 21. Rae1 Rxe1 22. Rxe1 Nb8 23. Ne4 Qg6 24. Bd3 Nd7 25. Qh4 Rc8 26. Qe7 Nf8 27. Re2 Qc6 28. Nc5 b6 29. Bb5 Qg6 30. Bd3 Qc6 31. Bb5 Qg6 32. Bd3 1/2-1/2

[Event "Titled Tuesday 2021.07.27"]
[Site "chess.com INT"]
[Date "2021.07.27"]
[Round "2"]
[White "Hansen, Eric"]
[Black "Kanyamarala, Tarun"]
[Result "1-0"]
[WhiteElo "2606"]
[BlackElo "2369"]
[PlyCount "89"]
[GameId "2130307585344402"]
[EventDate "2021.07.27"]
[EventType "swiss (blitz)"]
[EventRounds "11"]
[EventCountry "NET"]
[SourceTitle "The Week in Chess 1395"]
[Source "Mark Crowther"]
[SourceDate "2021.08.02"]
[SourceVersion "1"]
[SourceVersionDate "2021.08.02"]
[SourceQuality "2"]

1. e4 c5 2. Nf3 Nc6 3. Bb5 g6 4. Bxc6 dxc6 5. h3 Bg7 6. d3 Qc7 7. Nbd2 Nf6 8. O-O e5 9. Nc4 Nd7 10. a3 a5 11. Bd2 O-O 12. Qc1 Re8 13. Bh6 Nf8 14. Bxg7 Kxg7 15. Qe3 Ne6 16. Ncxe5 Nd4 17. Nc4 Nxc2 18. Qxc5 Nxa1 19. Rxa1 Be6 20. Nd6 Red8 21. e5 b6 22. Qc3 Bd5 23. Nh2 h5 24. Nf1 Kg8 25. Ne3 Rxd6 26. exd6 Qxd6 27. Qd4 Rd8 28. Qxb6 Be6 29. Qxa5 Qxd3 30. Rd1 Qxd1+ 31. Nxd1 Rxd1+ 32. Kh2 Bd5 33. Qc3 Ra1 34. h4 Kh7 35. f3 Rd1 36. a4 Ra1 37. a5 Ra4 38. b4 Ra2 39. Kg3 Kg8 40. Kf4 Rxg2 41. Ke5 Re2+ 42. Kd6 Re6+ 43. Kd7 c5 44. b5 Kf8 45. Qh8# 1-0

[Event "Titled Tuesday 2021.07.27"]
[Site "chess.com INT"]
[Date "2021.07.27"]
[Round "3"]
[White "Manukyan, Artyom"]
[Black "Hansen, Eric"]
[Result "1/2-1/2"]
[WhiteElo "2097"]
[BlackElo "2606"]
[PlyCount "131"]
[GameId "2130307585348583"]
[EventDate "2021.07.27"]
[EventType "swiss (blitz)"]
[EventRounds "11"]
[EventCountry "NET"]
[SourceTitle "The Week in Chess 1395"]
[Source "Mark Crowther"]
[SourceDate "2021.08.02"]
[SourceVersion "1"]
[SourceVersionDate "2021.08.02"]
[SourceQuality "2"]

1. e4 c5 2. Nc3 Nc6 3. Bb5 Nd4 4. Nf3 e6 5. O-O a6 6. Bd3 Ne7 7. Nxd4 cxd4 8. Ne2 Nc6 9. c3 Bc5 10. b4 Ba7 11. a4 O-O 12. Bc2 dxc3 13. dxc3 d6 14. Bb2 Ne5 15. Bb3 b5 16. axb5 axb5 17. Nd4 Bd7 18. Qe2 Qh4 19. h3 Rfb8 20. Ra5 Nc6 21. Rxb5 Nxd4 22. Rxb8+ Rxb8 23. cxd4 Bb5 24. Bc4 Bxc4 25. Qxc4 Qxe4 26. Qc7 Qb7 27. Rc1 Qxc7 28. Rxc7 Bb6 29. Rc6 d5 30. b5 Kf8 31. Ba3+ Ke8 32. Bc5 Bxc5 33. Rxc5 Kd7 34. Kh2 Rb6 35. Kg3 Kd6 36. f4 f6 37. Kf3 g6 38. Ke3 Kd7 39. g4 f5 40. g5 Rb8 41. h4 Ra8 42. b6 Ra3+ 43. Ke2 Rb3 44. Rc7+ Kd6 45. Rxh7 Rxb6 46. Rg7 Rb2+ 47. Ke3 Rh2 48. Rxg6 Rh3+ 49. Kf2 Rxh4 50. Kf3 Rh3+ 51. Ke2 Rh2+ 52. Ke3 Rg2 53. Rg7 Kc6 54. Kf3 Rg1 55. Re7 Kd6 56. Ra7 Rf1+ 57. Ke3 Rg1 58. Rb7 Kc6 59. Ra7 Rg3+ 60. Ke2 Kd6 61. Rb7 Rg1 62. Kf2 Rg4 63. Kf3 Rg1 64. Ra7 Kc6 65. Ke3 Kd6 66. Kf3 1/2-1/2

[Event "Titled Tuesday 2021.06.29"]
[Site "chess.com INT"]
[Date "2021.06.29"]
[Round "3"]
[White "Hansen, Eric"]
[Black "Wagh, Suyog"]
[Result "1-0"]
[WhiteElo "2606"]
[BlackElo "2246"]
[PlyCount "79"]
[GameId "2130307586182506"]
[EventDate "2021.06.29"]
[EventType "swiss (blitz)"]
[EventRounds "11"]
[EventCountry "NET"]
[SourceTitle "The Week in Chess 1391"]
[Source "Mark Crowther"]
[SourceDate "2021.07.05"]
[SourceVersion "2"]
[SourceVersionDate "2021.07.07"]
[SourceQuality "2"]

1. e4 c6 2. Nf3 d5 3. d3 dxe4 4. dxe4 Qxd1+ 5. Kxd1 Nf6 6. Nfd2 g5 7. f3 Rg8 8. c3 Be6 9. Bc4 Bxc4 10. Nxc4 Nbd7 11. Be3 h5 12. Kc2 h4 13. a4 b6 14. Nbd2 e6 15. b4 Nh5 16. Rhd1 Nf4 17. g3 hxg3 18. hxg3 Nh5 19. Bf2 O-O-O 20. e5 Kc7 21. Ne4 Bg7 22. Nxg5 Rdf8 23. f4 Nxe5 24. fxe5 Bh6 25. Ne4 Rg4 26. Ncd6 Bg7 27. Bd4 Nxg3 28. Rg1 c5 29. bxc5 bxc5 30. Rxg3 Rxg3 31. Nxg3 cxd4 32. cxd4 Rh8 33. Kd3 Rh3 34. Nde4 f6 35. exf6 Bxf6 36. Nxf6 Rxg3+ 37. Kc4 Rf3 38. Ne4 Rf4 39. Re1 Kb6 40. Nc5 1-0

[Event "Titled Tuesday 2021.06.15"]
[Site "chess.com INT"]
[Date "2021.06.15"]
[Round "4"]
[White "Hansen, Eric"]
[Black "Makarian, Rudik"]
[Result "1-0"]
[WhiteElo "2606"]
[BlackElo "2460"]
[PlyCount "107"]
[GameId "2130307586498437"]
[EventDate "2021.06.15"]
[EventType "swiss (blitz)"]
[EventRounds "11"]
[EventCountry "NET"]
[SourceTitle "The Week in Chess 1389"]
[Source "Mark Crowther"]
[SourceDate "2021.06.21"]
[SourceVersion "1"]
[SourceVersionDate "2021.06.21"]
[SourceQuality "2"]

1. b3 e5 2. Bb2 Nc6 3. e3 d5 4. Bb5 Nge7 5. Bxe5 a6 6. Bxc6+ Nxc6 7. Bb2 Qg5 8. Nf3 Qxg2 9. Rg1 Qh3 10. Rg3 Qh5 11. Rg5 Qh3 12. Rg3 Qh5 13. Nc3 Bg4 14. Nxd5 O-O-O 15. Nf4 Qf5 16. Nh4 Bxd1 17. Nxf5 Bxc2 18. Bxg7 Bxg7 19. Nxg7 Bg6 20. d4 Nb4 21. Kf1 b6 22. a3 Nd5 23. Ngh5 Nc3 24. Rc1 Ne4 25. Rg1 Nd2+ 26. Ke2 Nxb3 27. Rc3 Na5 28. Rgc1 c6 29. Nf6 Kb7 30. h4 Rd6 31. Ng4 Bf5 32. Ne5 Rf8 33. f3 f6 34. Nc4 Nxc4 35. Rxc4 Be6 36. R4c3 f5 37. Rg1 Rf7 38. Rg5 a5 39. Kf2 b5 40. Nd3 Kb6 41. Kg3 Bc4 42. Ne5 Re7 43. Rxf5 Bd5 44. e4 Ba2 45. Rd3 b4 46. axb4 axb4 47. Kf4 Rd8 48. Rf6 Re6 49. Rxe6 Bxe6 50. Ke3 Kb5 51. f4 b3 52. f5 Bc4 53. Rd2 Kb4 54. Nxc6+ 1-0

[Event "Titled Tuesday 2021.06.15"]
[Site "chess.com INT"]
[Date "2021.06.15"]
[Round "11"]
[White "Hansen, Eric"]
[Black "Shevchenko, Kirill"]
[Result "0-1"]
[WhiteElo "2606"]
[BlackElo "2605"]
[PlyCount "76"]
[GameId "2130307586506983"]
[EventDate "2021.06.15"]
[EventType "swiss (blitz)"]
[EventRounds "11"]
[EventCountry "NET"]
[SourceTitle "The Week in Chess 1389"]
[Source "Mark Crowther"]
[SourceDate "2021.06.21"]
[SourceVersion "1"]
[SourceVersionDate "2021.06.21"]
[SourceQuality "2"]

1. e4 c5 2. Nf3 d6 3. Bb5+ Nd7 4. c3 Ngf6 5. Qe2 a6 6. Ba4 b5 7. Bc2 Bb7 8. O-O g6 9. d4 Bg7 10. h3 O-O 11. Re1 Qc7 12. Bd3 cxd4 13. cxd4 e5 14. d5 Nc5 15. Bc2 a5 16. Bg5 Ba6 17. Qe3 Nh5 18. Nbd2 Nf4 19. Nb3 Nxb3 20. Bxb3 a4 21. Rac1 Qa5 22. Bc2 b4 23. Bb1 Rfc8 24. Bxf4 exf4 25. Qxf4 Bxb2 26. Rxc8+ Rxc8 27. Qxd6 b3 28. axb3 axb3 29. e5 Rd8 30. Qf6 Rxd5 31. Kh2 Qxe1 32. Qxa6 Bxe5+ 33. Nxe5 Qxe5+ 34. g3 b2 35. Ba2 Rd6 36. Qb7 Rf6 37. Kg2 Qd4 38. Qb8+ Kg7 0-1

[Event "Titled Tuesday 2021.05.18"]
[Site "chess.com INT"]
[Date "2021.05.18"]
[Round "2"]
[White "Hamley, Ryan"]
[Black "Hansen, Eric"]
[Result "0-1"]
[WhiteElo "2039"]
[BlackElo "2606"]
[PlyCount "64"]
[GameId "2130307587079734"]
[EventDate "2021.05.18"]
[EventType "swiss (blitz)"]
[EventRounds "11"]
[EventCountry "NET"]
[SourceTitle "The Week in Chess 1385"]
[Source "Mark Crowther"]
[SourceDate "2021.05.24"]
[SourceVersion "1"]
[SourceVersionDate "2021.05.24"]
[SourceQuality "2"]

1. d4 Nf6 2. c4 g6 3. Nc3 d5 4. cxd5 Nxd5 5. Na4 Nb6 6. Nf3 Bg7 7. e4 O-O 8. Be3 Nxa4 9. Qxa4 b6 10. Rd1 Bb7 11. Qc2 e6 12. Bd3 Nc6 13. Bb5 Qd6 14. O-O Rfd8 15. d5 Nb4 16. Qb1 exd5 17. a3 Nc6 18. Rxd5 Qe7 19. Bg5 Bf6 20. Bxf6 Qxf6 21. Rfd1 Rxd5 22. Rxd5 a6 23. Bf1 Re8 24. Rd7 Bc8 25. Rd2 Bg4 26. Ne1 Nd4 27. f3 Be6 28. Qd3 Nb3 29. Rc2 Nc5 30. Qc3 Qg5 31. b4 Nd7 32. Qxc7 Qe3+ 0-1

[Event "Titled Tuesday 2021.05.18"]
[Site "chess.com INT"]
[Date "2021.05.18"]
[Round "3"]
[White "Hansen, Eric"]
[Black "Elgersma, Onno"]
[Result "1-0"]
[WhiteElo "2606"]
[BlackElo "2298"]
[PlyCount "67"]
[GameId "2130307587079801"]
[EventDate "2021.05.18"]
[EventType "swiss (blitz)"]
[EventRounds "11"]
[EventCountry "NET"]
[SourceTitle "The Week in Chess 1385"]
[Source "Mark Crowther"]
[SourceDate "2021.05.24"]
[SourceVersion "1"]
[SourceVersionDate "2021.05.24"]
[SourceQuality "2"]

1. Nf3 d6 2. d4 Nf6 3. Nc3 Nc6 4. e4 g6 5. d5 Nb8 6. h3 Bg7 7. Be2 O-O 8. O-O c6 9. Re1 a6 10. a4 b6 11. dxc6 Nxc6 12. Bc4 Bb7 13. Bg5 h6 14. Bh4 Rc8 15. Qe2 Nb4 16. Rad1 Nxc2 17. Bxf7+ Rxf7 18. Qxc2 Qc7 19. Qb3 g5 20. Bxg5 hxg5 21. Nxg5 Qc4 22. Qxb6 Ba8 23. Nxf7 Qxf7 24. Qxa6 Rf8 25. Re3 Nh5 26. Rf3 Qe8 27. Qb5 Qg6 28. Qc4+ Kh7 29. Rxf8 Bxf8 30. Qc8 Nf4 31. g3 Bxe4 32. Nxe4 Ne2+ 33. Kh2 Qxe4 34. Qxf8 1-0

[Event "Titled Tuesday 2021.04.20"]
[Site "chess.com INT"]
[Date "2021.04.20"]
[Round "6"]
[White "Hansen, Eric"]
[Black "Delaney, Killian"]
[Result "1-0"]
[WhiteElo "2606"]
[BlackElo "2300"]
[PlyCount "35"]
[GameId "2130307587629079"]
[EventDate "2021.04.20"]
[EventType "swiss (blitz)"]
[EventRounds "11"]
[EventCountry "NET"]
[SourceTitle "The Week in Chess 1381"]
[Source "Mark Crowther"]
[SourceDate "2021.04.26"]
[SourceVersion "1"]
[SourceVersionDate "2021.04.26"]
[SourceQuality "2"]

1. e4 c5 2. Nf3 e6 3. d4 cxd4 4. Nxd4 Nf6 5. Nc3 Nc6 6. Ndb5 Bc5 7. Bf4 O-O 8. Bc7 Qe7 9. Bd6 Bxd6 10. Qxd6 Qd8 11. Qc7 Qe7 12. O-O-O a6 13. Nd6 b5 14. f4 b4 15. Na4 Ne8 16. Nxc8 Nxc7 17. Nxe7+ Nxe7 18. Rxd7 1-0

[Event "Chess.com SIG Bullet Wild"]
[Site "chess.com INT"]
[Date "2021.04.05"]
[Round "1.1"]
[White "Le Tuan Minh"]
[Black "Hansen, Eric"]
[Result "0-1"]
[WhiteElo "2514"]
[BlackElo "2606"]
[PlyCount "152"]
[GameId "2130307587963260"]
[EventDate "2021.04.05"]
[EventType "k.o. (blitz)"]
[EventRounds "1"]
[EventCountry "NET"]
[SourceTitle "The Week in Chess 1379"]
[Source "Mark Crowther"]
[SourceDate "2021.04.12"]
[SourceVersion "1"]
[SourceVersionDate "2021.04.12"]
[SourceQuality "2"]

1. d4 Nf6 2. Nf3 g6 3. Bg5 Bg7 4. Nbd2 d5 5. c3 O-O 6. e3 Nc6 7. Bd3 Re8 8. O-O e5 9. dxe5 Nxe5 10. Nxe5 Rxe5 11. Bf4 Re8 12. h3 c6 13. Re1 Qb6 14. Qb3 Nd7 15. Bc2 Nc5 16. Qa3 Bf8 17. b4 Ne6 18. Bg3 a5 19. Qa4 Bg7 20. bxa5 Qxa5 21. Qxa5 Rxa5 22. Nb3 Ra8 23. Re2 Bxc3 24. Rd1 Rxa2 25. h4 h5 26. Bd6 Ng7 27. Bf4 Nf5 28. Bd3 Rxe2 29. Bxe2 Nxh4 30. Rc1 Bf6 31. Nc5 Nf5 32. Bd3 Ng7 33. Na4 Ne6 34. Bg3 b5 35. Nb6 Nd8 36. Nxc8 Kg7 37. Nd6 Re6 38. Nc8 Be5 39. Bxe5+ Rxe5 40. Na7 Re6 41. Bxb5 cxb5 42. Nxb5 Rb6 43. Nd4 Ne6 44. Rd1 Nxd4 45. Rxd4 Rb5 46. g3 Kf6 47. Kg2 Ke5 48. Rf4 f6 49. Ra4 Rb6 50. Rd4 Rc6 51. Ra4 Rc4 52. Ra5 h4 53. gxh4 Rxh4 54. Ra6 Rc4 55. Kf3 g5 56. Ke2 Rc2+ 57. Kf3 Rc4 58. Kg3 g4 59. Kg2 f5 60. Ra8 Rc3 61. Re8+ Kd6 62. Rf8 Ke6 63. Re8+ Kf7 64. Re5 Rc5 65. Rxf5+ Ke6 66. Rf4 Rc4 67. Rd4 Ke5 68. Kg3 Rc3 69. Kxg4 Rc1 70. Rf4 Rg1+ 71. Kf3 Rb1 72. Rh4 Kd6 73. Ke2 Rb2+ 74. Kf3 Rb1 75. Rh6+ Kc5 76. Rh5 Rf1 0-1

[Event "Chess.com SIG Bullet Wild"]
[Site "chess.com INT"]
[Date "2021.04.05"]
[Round "1.2"]
[White "Hansen, Eric"]
[Black "Le Tuan Minh"]
[Result "1-0"]
[WhiteElo "2606"]
[BlackElo "2514"]
[PlyCount "141"]
[GameId "2130307587963263"]
[EventDate "2021.04.05"]
[EventType "k.o. (blitz)"]
[EventRounds "1"]
[EventCountry "NET"]
[SourceTitle "The Week in Chess 1379"]
[Source "Mark Crowther"]
[SourceDate "2021.04.12"]
[SourceVersion "1"]
[SourceVersionDate "2021.04.12"]
[SourceQuality "2"]

1. e4 e5 2. Nf3 d5 3. Bd3 Nf6 4. Nc3 Nc6 5. exd5 Nxd5 6. Be4 Be6 7. d4 Nxc3 8. bxc3 exd4 9. cxd4 Bb4+ 10. Bd2 Be7 11. O-O O-O 12. c3 Bf6 13. Qb1 Na5 14. Bxh7+ Kh8 15. Bf5 Qd5 16. Be4 Qd7 17. Re1 Nc4 18. Bg5 Rfe8 19. Bxf6 gxf6 20. Qc1 Kg7 21. Qf4 Rh8 22. d5 Bg4 23. Bd3 Nd6 24. Nd4 Bh5 25. Qg3+ Kf8 26. c4 b6 27. Qf4 Kg7 28. Re3 Bg6 29. Rae1 Rh6 30. Rg3 Rah8 31. h3 Rh4 32. Ne6+ Qxe6 33. Qd2 Qd7 34. Qc2 R4h6 35. Ree3 f5 36. Qc3+ Kg8 37. Qf6 Ne8 38. Qg5 Ng7 39. Re7 Qd6 40. Rge3 Rh5 41. Re8+ Nxe8 42. Rxe8+ Kg7 43. Qe7 Qxe7 44. Rxe7 Kf6 45. Rxc7 Re8 46. Rc6+ Kg7 47. Kf1 Re5 48. Be2 Rh4 49. Bf3 Rd4 50. g3 f4 51. Kg2 fxg3 52. Kxg3 Rd3 53. Kg2 Rf5 54. Bg4 Rg5 55. f4 Rxg4+ 56. hxg4 Be4+ 57. Kf2 Ra3 58. f5 Rxa2+ 59. Ke3 f6 60. Kxe4 Re2+ 61. Kf4 Ra2 62. Rc7+ Kh6 63. g5+ fxg5+ 64. Ke5 Rg2 65. Kf6 Re2 66. Rc8 Kh5 67. Rh8+ Kg4 68. Rg8 Rf2 69. Rxg5+ Kf4 70. Rg6 Ke4 71. Kg7 1-0

[Event "Chess.com SIG Bullet Wild"]
[Site "chess.com INT"]
[Date "2021.04.05"]
[Round "1.3"]
[White "Le Tuan Minh"]
[Black "Hansen, Eric"]
[Result "0-1"]
[WhiteElo "2514"]
[BlackElo "2606"]
[PlyCount "174"]
[GameId "2130307587963266"]
[EventDate "2021.04.05"]
[EventType "k.o. (blitz)"]
[EventRounds "1"]
[EventCountry "NET"]
[SourceTitle "The Week in Chess 1379"]
[Source "Mark Crowther"]
[SourceDate "2021.04.12"]
[SourceVersion "1"]
[SourceVersionDate "2021.04.12"]
[SourceQuality "2"]

1. d4 Nf6 2. Nf3 g6 3. Bf4 Bg7 4. e3 O-O 5. h3 d6 6. Be2 b6 7. O-O Bb7 8. a4 a6 9. c3 Nbd7 10. Bh2 c5 11. Nbd2 Rc8 12. Bd3 Rc7 13. Qe2 Qa8 14. Rfe1 cxd4 15. exd4 Nd5 16. Qf1 N7f6 17. Nc4 Rfc8 18. Ncd2 Bh6 19. Ne4 Nxe4 20. Bxe4 Nf6 21. Bxb7 Qxb7 22. Qd3 b5 23. axb5 axb5 24. Bg3 b4 25. cxb4 Qxb4 26. Bh4 Nd5 27. Qe4 Qc4 28. Bg5 Bg7 29. Qh4 Bf6 30. Bxf6 Nxf6 31. Re3 Qb5 32. Rae1 Re8 33. Ng5 Kg7 34. Rf3 h6 35. Ne4 Nxe4 36. Qxe4 Qxb2 37. Qd5 Rf8 38. h4 Rc1 39. Qe4 Rxe1+ 40. Qxe1 e6 41. Qe4 Qc1+ 42. Kh2 Qc7 43. Qf4 Qe7 44. g3 e5 45. dxe5 dxe5 46. Qe3 Re8 47. Qc3 Qe6 48. Re3 Qf6 49. Qe1 Re6 50. Kg1 Qe7 51. Kg2 e4 52. Qe2 f5 53. Qb2+ Qf6 54. Qd2 Re7 55. Qe2 g5 56. hxg5 hxg5 57. Rb3 Qe6 58. Rb5 Qf6 59. Qc4 e3 60. fxe3 Rxe3 61. Rb7+ Re7 62. Qd5 Rxb7 63. Qxb7+ Kg6 64. Qb3 Qd6 65. Kh2 Qd7 66. Qg8+ Qg7 67. Qe8+ Qf7 68. Qe5 Qf6 69. Qe8+ Qf7 70. Qc8 Qh7+ 71. Kg2 Qf7 72. Qc6+ Qf6 73. Qc3 Qf7 74. Qd3 Qf6 75. g4 Qe6 76. gxf5+ Qxf5 77. Qd6+ Qf6 78. Qd2 Qf5 79. Qf2 g4 80. Qf3 Qxf3+ 81. Kh2 Qe3 82. Kh1 Qd3 83. Kh2 Qc3 84. Kg2 Kf5 85. Kh2 Kf4 86. Kg2 Qb2+ 87. Kg1 Qc2 0-1

[Event "Chess.com SIG Bullet Wild"]
[Site "chess.com INT"]
[Date "2021.04.05"]
[Round "1.4"]
[White "Hansen, Eric"]
[Black "Le Tuan Minh"]
[Result "0-1"]
[WhiteElo "2606"]
[BlackElo "2514"]
[PlyCount "138"]
[GameId "2130307587963269"]
[EventDate "2021.04.05"]
[EventType "k.o. (blitz)"]
[EventRounds "1"]
[EventCountry "NET"]
[SourceTitle "The Week in Chess 1379"]
[Source "Mark Crowther"]
[SourceDate "2021.04.12"]
[SourceVersion "1"]
[SourceVersionDate "2021.04.12"]
[SourceQuality "2"]

1. e4 d5 2. exd5 Qxd5 3. Nc3 Qd8 4. Nf3 c6 5. d4 Bf5 6. Bc4 e6 7. h3 Nf6 8. O-O Nbd7 9. Re1 Be7 10. Ne2 O-O 11. c3 Bg6 12. Nf4 Bd6 13. Nxg6 hxg6 14. a4 Re8 15. Bg5 Qc7 16. Qb3 a5 17. Rad1 Qb6 18. Qc2 Qc7 19. Bd3 Nd5 20. g3 Bxg3 21. fxg3 Qxg3+ 22. Qg2 Qc7 23. Bc1 c5 24. Qh2 Qb6 25. Bb5 Red8 26. dxc5 Nxc5 27. Qf2 Qc7 28. Ne5 Nf6 29. Rd4 Rxd4 30. cxd4 Nce4 31. Qe3 Rd8 32. Bd2 Nd6 33. Bc3 Nf5 34. Qf2 Nd5 35. Rc1 Nxc3 36. Rxc3 Qe7 37. Rd3 Qb4 38. Nf3 Rc8 39. Rd1 Qb3 40. Re1 Rc2 41. Re2 Rc1+ 42. Re1 Rxe1+ 43. Nxe1 Qxh3 44. Nf3 Qg4+ 45. Kf1 Qf4 46. Bd3 Ne3+ 47. Ke2 Ng4 48. Qg1 f5 49. d5 e5 50. Nd2 e4 51. Bc2 e3 52. Nf3 Qc4+ 53. Bd3 Qxd5 54. Qc1 Qd6 55. Qc8+ Kf7 56. Qxb7+ Kf6 57. Qa6 Qxa6 58. Bxa6 f4 59. b4 axb4 60. Bd3 b3 61. a5 Ne5 62. Nxe5 Kxe5 63. a6 f3+ 64. Kxf3 Kd4 65. Bb1 Kc3 66. a7 Kb2 67. Kxe3 Kxb1 68. a8=Q b2 69. Qe4+ Ka1 0-1